| 000 | 00562nam a22002057a 4500 | ||
|---|---|---|---|
| 005 | 20260327155105.0 | ||
| 010 | _aENG-148000 | ||
| 020 |
_a9789375743118 _c495.00 |
||
| 035 | _aEN-131532 | ||
| 037 | _bDBAD | ||
| 082 |
_aS _21 |
||
| 100 |
_aTagore ,Rabindranath. _988819 |
||
| 245 |
_aMASHI and other stories/ _cRabindranath Tagore. |
||
| 250 | _a1 | ||
| 260 |
_aHarphool Vihar. _bBARKHA PUBLICATION. _c2025 |
||
| 270 |
_a111,Street No-4,Bapraula. _b NEW DELHI-110043 |
||
| 300 |
_a160.pg. _c21cm(pb) |
||
| 700 | _988786 | ||
| 942 |
_2ddc _cEN _hS _mTAG _e1 |
||
| 999 |
_c215804 _d215804 |
||